Регионална библиотека "Любен Каравелов" - Русе

България - военният трофей на Сталин (Запис номер 161296)

MARC детайли
000 -Лидер
Контролно поле с фиксирана дължина 02063nam a2200445 c 4500
003 - Код на организацията, давaща контролен номер
Контролно поле BLK
005 - Дата и час на последна редакция
Контролно поле 20250119004126.0
008 - Елементи от данни с фиксирана дължина
fixed length control field 180410b bul|||||r ||||||| ||bul||
010 ## - Наследен системен номер
LC control number KNG00168605000
020 ## - Международен стандартен номер на книга ISBN
Международен стандартен номер на книга ISBN 978-954-8585-33-0
-- издат.: МаК
040 ## - Източник на каталожния запис
Идентификатор на билиотеката - собственик на записа BLK
041 ## - Код за език
Код за езика на текст/звукозапис или на отделно заглавие Български
Код за езика КДБФ Български
072 #7 - Код за тематичната категория
Код организация bullib
Код за тематична категория Н92
Текст История Н
080 ## - УДК
Текстов определител УДК История на Втората световна война (1939-1945)
УДК код - определител по УДК 940.53
УДК определител
УДК - код + определител 940.53
080 ## - УДК
Текстов определител УДК България през Втората световна война (1939-1944)
УДК код - определител по УДК 94(497.2)"1939/1944"
УДК определител
УДК - код + определител 94(497.2)"1939/1944"
080 ## - УДК
Текстов определител УДК История на Русия и СССР. Вж и 936 ; 957
УДК код - определител по УДК 94(470)
УДК определител
УДК - код + определител 94(470)
100 1# - Редна дума - Автор
Автор Боздуганов, Георги
Авторска отговорност първи автор
R(LIN) 335128
139 ## - Редно поле
Редна дума Боздуганов, Георги
Авторски знак Боз - Б 58
245 10 - Сведения за заглавието
Заглавие България - военният трофей на Сталин
Редно поле (дума) Георги Боздуганов; предг. от Любомир Младенов Канов.
257 ## - Страна на издаване
Страна на създаване/издаване България
260 ## - Област на издателските данни
-- София
Име на издателя, разпространителя и проч. МаК
Година на издаване 2014
300 ## - Физическа характеристика
Страници 216 с., 8 л. фотогр.
Илюстрации и др. с факс., к.
Размери/Мащаб 23 см
380 ## - Жанр
Жанр История
500 ## - Общи забележки
Забележка В библиогр. каре отбелязано 2. изд. - Библиогр. с. 163-179. - Съдържа и Именен показалец.
650 #4 - Допълнително описание по предмет – тема
Основно описание – тема или топоним Втора световна война - участие на България
9 (RLIN) 252373
650 #0 - Допълнително описание по предмет – тема
Основно описание – тема или топоним България - история, нова
9 (RLIN) 241998
651 #4 - Допълнително описание по предмет - топоним
Географско понятие България
9 (RLIN) 241624
651 #4 - Допълнително описание по предмет - топоним
Географско понятие СССР
9 (RLIN) 179592
653 ## - Ключова дума – ненормативна
Ключова дума Втора световна война
653 ## - Ключова дума – ненормативна
Ключова дума българска история
653 ## - Ключова дума – ненормативна
Ключова дума нова история
659 ## - Тематичен бюлетин
Тематичен бюлетин Н
700 1# - Други автори (авторска отговорност)
Лично име Канов, Любомир Младенов
Автороска отговорност (Описва отношението между автора и произведението) предг. от
9 (RLIN) 76022
852 ## - Местоположение
Форматна сигнатура Цб 271871
856 4# - Електронен адрес и достъп
Електронен формат pdf - файл
Път до файла /url/
856 4# - Електронен адрес и достъп
Електронен формат pdf - файл
Път до файла /url/
942 ## - АРТИКУЛИ
Вид на библиотечния материал Книги
Скрит в OPAC Не
Koha issues (borrowed), all copies 7
944 ## - СЪЗДАВАНЕ И РЕДАКЦИЯ на ЗАПИСА
Създаване/Редакция Създаване
Дата на регистрацията/редакция 11.12.2014
Статус, дата на статуса CRON CRON
Служител, извършил регистрацията/редакцията
944 ## - СЪЗДАВАНЕ И РЕДАКЦИЯ на ЗАПИСА
Създаване/Редакция Редакция
Дата на регистрацията/редакция 11.09.2015
Статус, дата на статуса ф /
Служител, извършил регистрацията/редакцията Пенка_Димитрова
999 ## - СИСТЕМНИ КОНТРОЛНИ НОМЕРА
Koha biblionumber 161296
Koha biblioitemnumber 161296
Наличности
Код за отписване Код за изгубен артикул Източник на класификационната схема Код за повреда Коз за рестрикции Код за отдаване Артикулен № Име на библиотеката - собственик Име на библиотеката, в която се намира в момента Статус (Текущо местоположение) Дата на вписване в системата Местоположение - отдел Цена в лева Инвентарен номер Систематично азбучна сигнатура Баркод Номер на екземпляра Цена в евро Служебна бележка Служебен тип на артикула
  Не е изгубен Universal Decimal Classification Не е повреден без рестрикции заемане за дома 269545 Регионална библиотека "Любен Каравелов" Русе Регионална библиотека "Любен Каравелов" Русе Заемна - подръчен фонд 2014-12-10 Заемна - подръчен фонд 12.00 120000783661 94(100) "1939/1945"/Б 58 Г 120000783661 1 6.14 Дост: Pk Вид: Ф N: 422 Дата: 10.12.2014 Дата инв: 14.03.2018 Бележки инв: П2018 Книги
  Не е изгубен Universal Decimal Classification Не е повреден без рестрикции заемане за дома 269546 Регионална библиотека "Любен Каравелов" Русе Регионална библиотека "Любен Каравелов" Русе Заемна - подръчен фонд 2015-05-28 Заемна - подръчен фонд 12.00 120000788352 94(100) "1939/1945"/Б 58 Г 120000788352 2 6.14 Дост: Pk Вид: Ф N: 432 Дата: 22.05.2015 Книги
  Не е изгубен   Не е повреден без рестрикции ползва се в читалня 269547 Регионална библиотека "Любен Каравелов" Русе Регионална библиотека "Любен Каравелов" Русе Хранилище 2015-09-13 Хранилище 12.00 120000792212 Цб 271871 120000792212 3 6.14 Дост: Dp Вид: Д N: 24 Дата: 29.05.2015 Книги
Vip Innovations Ltd, Rousse, Bulgaria 2025